Normal view
MARC view
Entry Personal Name
001 - CONTROL NUMBER
- control field: 1238011
003 - CONTROL NUMBER IDENTIFIER
- control field: OSt
005 - DATE AND TIME OF LATEST TRANSACTION
- control field: 20260430150620.0
008 - FIXED-LENGTH DATA ELEMENTS
- fixed length control field: 260430|| aca||aabn | a|a d
040 ## - CATALOGING SOURCE
- Original cataloging agency: OSt
- Transcribing agency: OSt
100 ## - HEADING--PERSONAL NAME
- Personal name: Singh Priyanka Kumari Au.; Garg Meenakshi Gu
670 ## - SOURCE DATA FOUND
- Source citation: Work cat.: (OSt)1850218: Singh Priyanka Kumari Au.; Garg Meenakshi Gu., Enzymatic Interesterification and Charaterization of Edible Oil Developed using Perilla Seed Oil and Palmolein, 2024
